000 00282nam a2200097Ia 4500
001 1157882
005 20250827011249.0
008 250824s9999 xx 000 0 und d
245 0 _aSÜPER GÜÇLER KİTABI
_cSUSANNA ISERN-ROCİO BONİLLA
260 _bGÜNIŞIĞI KİTAPLIĞI YAYINLARI
999 _c1157882
_d1157882